000
00379nam a2200133Ia 4500
008
200619s9999 xx 000 0 und d
020
_a
9800000000000
100
_a
Oommen Tiki
245
0
_a
Reconciliation in Post-Godhra Gujaraj: The Role of Civil Society
264
_b
Pearson
_c
2008
300
_a
310
942
_c
IR
999
_c
120368
_d
120368